| 000 | 00431nam a22001337a 4500 | ||
|---|---|---|---|
| 020 | _a9787301164235 | ||
| 082 |
_a895.13509 _bCHE |
||
| 100 | _aChen, Pingyuan | ||
| 245 |
_aThe Change of Narrative Mode in Chinese Novels (Chinese Edition) / _cPingyuan Chen |
||
| 260 |
_aChina : _bPeking University Press, _c2010. |
||
| 300 |
_a352 p. ; _c23 cm. |
||
| 880 |
_6245-02\r _a中国小说叙事模式的转变 / |
||
| 942 |
_2ddc _cBK |
||
| 999 |
_c591762 _d591762 |
||